| 000 | nam a22 7a 4500 | ||
|---|---|---|---|
| 999 |
_c28674 _d28673 |
||
| 003 | OSt | ||
| 005 | 20170528213501.0 | ||
| 008 | 170528b xxu||||| |||| 00| 0 eng d | ||
| 040 |
_aMMU _beng _cMMU _dMMU |
||
| 050 | _aTR 642 .T55 1971 | ||
| 245 | _aThe Art of Photofraphy/ | ||
| 260 |
_aNew York: _bThe Life Books, _c1971. |
||
| 300 |
_a230 p.: _b pictures |
||
| 500 | _aincludes bibliographical references and index | ||
| 600 | _tcol. | ||
| 630 | _lcol. | ||
| 650 | _aThe Art of photography | ||
| 942 |
_2lcc _cLOAN LOAN |
||